000 00525nam a2200181Ia 4500
005 20250508151255.0
008 008 250505s9999 xx 000 0 eng d
037 _aTextual
040 _aFEDL
_beng
_cFEDL
041 _aeng
_2eng
084 _a582.13, STE
_qFEDL
100 _aStep Edward
_9758752
245 0 _aRomance of wild flowers: A companion to the british flora
260 _aNew York, USA
_bFrederick Warne and Co
300 _a357p.
942 _cTEXL
_h582.13, STE
999 _c1328786
_d1328786